Ana frank : una historia vigente /
Guardado en:
| Autor Principal: | |
|---|---|
| Formato: | Libro |
| Publicado: |
Amsterdan :
Casa de Ana Frank
|
| Materias: | |
| Etiquetas: |
Agregar Etiqueta
Sin Etiquetas, Sea el primero en etiquetar este registro!
|
| LEADER | 00657nam a22002175a 4500 | ||
|---|---|---|---|
| 001 | CEM.cems011319 | ||
| 005 | 20111129172934.0 | ||
| 008 | 130507b######################000#0#####d | ||
| 003 | CEMS | ||
| 020 | |a 9072972228 | ||
| 082 | 0 | 4 | |a 956 |
| 100 | 1 | |a Metselar, Menno | |
| 245 | 1 | 0 | |a Ana frank : |b una historia vigente / |c Compilado Por Menno Metselaar |
| 260 | |a Amsterdan : |b Casa de Ana Frank | ||
| 300 | |a 94 p. | ||
| 653 | |a Frank, ana-biografía | ||
| 653 | |a Holocausto | ||
| 653 | |a Genocidios | ||
| 653 | |a Judíos | ||
| 653 | |a Literatura alemana | ||
| 859 | |a CEMS |b BIB. CEMS - 11 de abril |h 956 |p 21877.02 |t Ej.1 |v .94 M385 |3 .94 M385 | ||
